الدماغ البشري / (رقم التسجيلة. 125080)

تفاصيل مارك
000 -LEADER
fixed length control field 00535nam a22001817a 4500
005 - DATE AND TIME OF LATEST TRANSACTION
control field 20251108175045.0
008 - FIXED-LENGTH DATA ELEMENTS--GENERAL INFORMATION
fixed length control field 250721s2012 xx 000 0 ara d
082 14 - DEWEY DECIMAL CLASSIFICATION NUMBER
Classification number 612.82/موص
100 1# - MAIN ENTRY--PERSONAL NAME
Personal name الموصلي، سامي أحمد
245 10 - TITLE STATEMENT
Title الدماغ البشري /
264 1# - PRODUCTION, PUBLICATION, DISTRIBUTION, MANUFACTURE, AND COPYRIGHT NOTICE
Place of production, publication, distribution, manufacture عمان :
Name of producer, publisher, distributor, manufacturer دار دجلة ناشرون و موزعون،
Date of production, publication, distribution, manufacture, or copyright notice 2012.
300 ## - PHYSICAL DESCRIPTION
Extent 187ص.
650 17 - SUBJECT ADDED ENTRY--TOPICAL TERM
Topical term or geographic name as entry element الدماغ
650 17 - SUBJECT ADDED ENTRY--TOPICAL TERM
Topical term or geographic name as entry element طب الاعصاب
650 17 - SUBJECT ADDED ENTRY--TOPICAL TERM
Topical term or geographic name as entry element امراض الجهاز العصبي
942 ## - ADDED ENTRY ELEMENTS (KOHA)
Source of classification or shelving scheme Dewey Decimal Classification
Koha item type كتب
المقتنيات
حالة السحب حالة الفقدان مصدر التصنيف حالة التلف غير قابل للإعارة المكتبة الرئيسية المكتبة الحالية موقع الرف تاريخ التزويد الرقم المتسلسل Total Checkouts رقم الإستدعاء الباركود تاريخ آخر ظهور تاريخ الفاتورة نوع المادة (كوها)
    Dewey Decimal Classification     المكتبة المركزية المكتبة المركزية الإعارة 28/07/2025 1521315   612.82/موص PLD00248044 28/07/2025 28/07/2025 كتب
    Dewey Decimal Classification     المكتبة المركزية المكتبة المركزية الإعارة 09/04/2012 1521316   612.82/موص PLD00248091 28/07/2025 09/04/2012 كتب
    Dewey Decimal Classification     مكتبة أبو علندا العامة مكتبة أبو علندا العامة الإعارة 09/04/2012 1521317   612.82/موص PLD00248092 28/07/2025 09/04/2012 كتب
    Dewey Decimal Classification     مكتبة أم قصير والمقابلين العامة مكتبة أم قصير والمقابلين العامة الإعارة 09/04/2012 1521319   612.82/موص PLD00248094 28/07/2025 09/04/2012 كتب
    Dewey Decimal Classification     مكتبة الاميرة بديعة مكتبة الاميرة بديعة الإعارة 09/04/2012 1521322   612.82/موص PLD00248097 28/07/2025 09/04/2012 كتب
    Dewey Decimal Classification     مكتبة الجويدة مكتبة الجويدة الإعارة 09/04/2012 1521318   612.82/موص PLD00248093 28/07/2025 09/04/2012 كتب
    Dewey Decimal Classification     مكتبة النصر العامة مكتبة النصر العامة الإعارة 09/04/2012 1521320   612.82/موص PLD00248095 28/07/2025 09/04/2012 كتب
    Dewey Decimal Classification     مكتبة صويلح العامة مكتبة صويلح العامة الإعارة 09/04/2012 1521324   612.82/موص PLD00248099 28/07/2025 09/04/2012 كتب
    Dewey Decimal Classification     مكتبة وادي السير العامة مكتبة وادي السير العامة الإعارة 09/04/2012 1521323   612.82/موص PLD00248098 28/07/2025 09/04/2012 كتب
Implemented & Customized by: BBB with SCIT (Smart Chains for Information Technology)

Powered by Koha